Statistics for 10 Closest S Countries to Singapore

Click here to take the quiz!

General Stats

  • This quiz has been taken 145 times
    (88 since last reset)
  • The average score is 7 of 10

Answer Stats

km country miles % Correct
4236South Korea2632
91%
2493Sri Lanka1549
76%
5862Somalia3643
76%
7337Sudan4559
72%
7417Syria4609
71%
7543South Sudan4687
67%
5676Saudi Arabia3527
64%
8191South Africa5090
64%
5340Seychelles3318
58%
5807Solomon Islands3608
58%

Score Distribution

Percentile by Number Answered

Percent of People with Each Score

Your Score History

You have not taken this quiz since the last reset